| 000 | 008830000a22002290004500 | ||
|---|---|---|---|
| 003 | LK-CoMWRAF | ||
| 005 | 20240605095416.0 | ||
| 008 | 230817t1996 ||||| |||| 00| 0 eng d | ||
| 020 | _a9559470000 | ||
| 040 |
_aLK-CoMWRAF _dLK-CoMWRAF _eLK-CoMWRAF |
||
| 041 | _aeng | ||
| 082 |
_a929.2 _bSAM |
||
| 100 | _aSameer, Mohammed Fazli Hussain | ||
| 100 | _aSameer, Ahmed Firoze | ||
| 245 |
_aGenealogical table of Sri Lankan Muslims: _bFamily tree data |
||
| 260 |
_aColombo: _bBits & Bytes, _c1996 |
||
| 300 | _a20, 143-3 pages ; 30 cm | ||
| 520 | _a "From the archives of the late Mohammed Sameer bin Haji Ismail Effendi bin Sahib Dorai, the vivid memory of Ummu Thahira Shariff and the generous cooperation of the members of the Muslim community in Sri Lanka." "Version 1-June 1996." | ||
| 650 | _aGENEALOGY- Muslims | ||
| 650 | _aMuslims- Sri Lanka- Genealogy | ||
| 942 | _cBK | ||
| 999 |
_c158 _d158 |
||